Historia de los medios de comunicación en República Dominicana / (Registro nro. 14402)
[ vista simple ]
| 000 -LEADER | |
|---|---|
| fixed length control field | 01009nam a2200277 a 4500 |
| 001 - CONTROL NUMBER | |
| control field | 000016287 |
| 003 - CONTROL NUMBER IDENTIFIER | |
| control field | DO-SdBNP |
| 005 - DATE AND TIME OF LATEST TRANSACTION | |
| control field | 20230713133914.0 |
| 008 - FIXED-LENGTH DATA ELEMENTS--GENERAL INFORMATION | |
| fixed length control field | 100303s1997 dr a r 001 0 spa d |
| 040 ## - CATALOGING SOURCE | |
| Original cataloging agency | DO-SdBNP |
| Language of cataloging | spa |
| Transcribing agency | BPMSU |
| 082 ## - DEWEY DECIMAL CLASSIFICATION NUMBER | |
| Classification number | 302.23097293 |
| Item number | C957h 1997 |
| Edition number | 22 |
| 100 1# - MAIN ENTRY--PERSONAL NAME | |
| Personal name | Cruz Sánchez, Filiberto |
| Dates associated with a name | 1955- |
| 245 10 - TITLE STATEMENT | |
| Title | Historia de los medios de comunicación en República Dominicana / |
| Statement of responsibility, etc. | Filiberto Cruz Sánchez. |
| 250 ## - EDITION STATEMENT | |
| Edition statement | 2a ed. corr. y amp. |
| 260 ## - PUBLICATION, DISTRIBUTION, ETC. (IMPRINT) | |
| Place of publication, distribution, etc. | Santo Domingo : |
| Name of publisher, distributor, etc. | El Nuevo Diario, |
| Date of publication, distribution, etc. | 1997. |
| 300 ## - PHYSICAL DESCRIPTION | |
| Extent | 303 p. : |
| Other physical details | il. ; |
| Dimensions | 21 cm. |
| 500 ## - GENERAL NOTE | |
| General note | Incluye referencias bibliográficas y notas al pie de las páginas |
| 504 ## - BIBLIOGRAPHY, ETC. NOTE | |
| Bibliography, etc | Bibibliografía : p. 219-222 |
| 590 ## - LOCAL NOTE (RLIN) | |
| Local note | Inventariado,2023/VM |
| 650 #4 - SUBJECT ADDED ENTRY--TOPICAL TERM | |
| Topical term or geographic name as entry element | Prensa |
| Geographic subdivision | República Dominicana |
| General subdivision | Historia |
| 650 #4 - SUBJECT ADDED ENTRY--TOPICAL TERM | |
| Topical term or geographic name as entry element | Política y prensa |
| 650 #4 - SUBJECT ADDED ENTRY--TOPICAL TERM | |
| Topical term or geographic name as entry element | Medios de comunicación de masas |
| General subdivision | Aspectos políticos |
| 650 #4 - SUBJECT ADDED ENTRY--TOPICAL TERM | |
| Topical term or geographic name as entry element | Imprenta |
| General subdivision | Historia |
| Geographic subdivision | República Dominicana |
| 910 ## - USER-OPTION DATA (OCLC) | |
| User-option data | VMateo V. Control de caliad (BPMSU) |
| 942 ## - ADDED ENTRY ELEMENTS (KOHA) | |
| Source of classification or shelving scheme | Dewey Decimal Classification |
| Koha item type | Libros |
| Withdrawn status | Lost status | Source of classification or shelving scheme | Damaged status | Not for loan | Collection code | Home library | Current library | Date acquired | Source of acquisition | Full call number | Barcode | Date last seen | Price effective from | Koha item type |
|---|---|---|---|---|---|---|---|---|---|---|---|---|---|---|
| Dewey Decimal Classification | Colección Dominicana | Biblioteca Pública Metropolitana Salomé Ureña | Biblioteca Pública Metropolitana Salomé Ureña | 07/06/2023 | Hipólito Carrazco | BPMSU CD 302.23097293 C957h 1997 | BPMSU23070011 | 07/06/2023 | 07/06/2023 | Libros |